Music Quiz

Random Music Quiz

Name the musicians Quiz Stats

 Plays Quiz not verified by Sporcle

Support Sporcle.
Go Orange.
Score 0/6 Timer 04:00
0 Plays Today
Row Musician % Correct
2Jim Croce, Gordon Lightfoot
66.7%
5Stevie Ray Vaughn, Kris Kristofferson
66.7%
6Kenny Wayne Shepherd, Merle Haggard
50%
1Harry Chapin,Toy Caldwell
33.3%
4Waylon Jennings, Townes Van Zandt
33.3%
3Ronnie Van Zant, Doug Gray
16.7%

You're not logged in!

Compare scores with friends on all Sporcle quizzes.
OR
Log In

From the Vault

Dragon Type Pokémon (Gen I)

by specialkbrand

Don't worry, this quiz won't drag-on forever.
Remove Ads.
Support Sporcle.
Get the best of Sporcle when you Go Orange. This ad-free experience offers more features, more stats, and more fun while also helping to support Sporcle. Thank you for becoming a member.

Show Comments

Extras

Created Feb 10, 2011ReportNominate
Tags:Musician

Top Quizzes Today


Score Distribution

Your Account Isn't Verified!

In order to create a playlist on Sporcle, you need to verify the email address you used during registration. Go to your Sporcle Settings to finish the process.

Report this User

Report this user for behavior that violates our Community Guidelines.

Details: